00339nam a22001337a 4500003000400000020001800004082001400022100001800036245005500054250001300109260006300122300000800185650001200193SGT a9789354666087 a611bB24G aGarg, Krishna aB.D. Chaurasia's Human Anatomy for Dental Students a5th Ed.  aNew Delhi, IndiabC. B. S. Publishers & Distributersc2024 a744 aAnatomy